Statistics for Lana Del Rey - Kintsugi Lyrics

Click here to take the quiz!

General Stats

  • This quiz has been taken 18 times
  • The average score is 404 of 475

Answer Stats

Answer% Correct
a
100%
A
100%
for
100%
from
100%
get
100%
I
100%
I'm
100%
in
100%
In
100%
The
100%
the
100%
then
100%
Then
100%
There
100%
there
100%
there's
100%
There's
100%
think
100%
Think
100%
When
100%
when
100%
about
92%
And
92%
away
92%
be
92%
But
92%
but
92%
can't
92%
'Cause
92%
'cause
92%
come
92%
do
92%
had
92%
He
92%
heart
92%
it
92%
it's
92%
It's
92%
Japanese
92%
Just
92%
just
92%
"Kintsugi"
92%
me
92%
more
92%
mountains
92%
my
92%
myself
92%
name
92%
on
92%
one
92%
out
92%
run
92%
say
92%
So
92%
so
92%
that
92%
That
92%
That's
92%
that's
92%
they
92%
They
92%
to
92%
who
92%
with
92%
back
83%
body
83%
break
83%
cavity
83%
certain
83%
chest
83%
closest
83%
couldn't
83%
cryin'
83%
daddy
83%
Daddy
83%
don't
83%
down
83%
feelings
83%
gets
83%
got
83%
hard
83%
his
83%
How
83%
how
83%
into
83%
I've
83%
let
83%
light
83%
little
83%
mine
83%
miss
83%
of
83%
point
83%
probably
83%
Probably
83%
runnin'
83%
see
83%
shines
83%
stop
83%
them
83%
things
83%
three
83%
trust
83%
was
83%
what
83%
You
83%
you
83%
all
75%
at
75%
by
75%
Café
75%
Chucky
75%
day
75%
dyin'
75%
everyone
75%
front
75%
is
75%
knew
75%
know
75%
learned
75%
Like
75%
only
75%
Roadrunner
75%
side
75%
sing
75%
someone
75%
somethin'
75%
standin'
75%
streamin'
75%
tears
75%
third
75%
this
75%
thought
75%
ways
75%
were
75%
we've
75%
We've
75%
would
75%
year
75%
another
67%
Came
67%
clutch
67%
cracked
67%
depth
67%
Donoghue
67%
Even
67%
flash
67%
folk
67%
fourteen
67%
"Froggie
67%
have
67%
hours
67%
laughin'
67%
left
67%
March
67%
mouth
67%
old
67%
open
67%
pour
67%
sang
67%
song
67%
songs
67%
songs?
67%
spirit
67%
takes
67%
thoughts
67%
wouldn't
67%
wrist
67%
your
67%
'40s
58%
ah
58%
Ah
58%
anyone
58%
been
58%
blood
58%
capped
58%
Courtin"
58%
cracking
58%
desert
58%
except
58%
golden
58%
ground
58%
I'd
58%
meaning
58%
mm)
58%
(Mm
58%
nothing
58%
okay
58%
relatives
58%
snow
58%
these
58%
try
58%
turn
58%
you're
58%
anyway
50%
Brought
50%
cold
50%
days
50%
Finally
50%
sunlight
50%
today
50%
carve
42%

Score Distribution

Percentile by Number Answered

Percent of People with Each Score

Your Score History

You have not taken this quiz